000 00334nam a2200145Ia 4500
008 150301s2015 xx 000 0 und d
082 _a615.4
_bC05C
100 _aCARTER, S.J
245 _aCOOPER AND GUNN'S TUTORIAL PHARMACY
250 _a6TH
260 _bCBS- DELHI
300 _a469
650 _aPHARMACY
942 _2ddc
_cBK
_023
999 _c7399
_d7399